| 000 | 00738nam a2200241 i 4500 | ||
|---|---|---|---|
| 001 | 182325 | ||
| 003 | ES-MaACL | ||
| 005 | 20250901021500.0 | ||
| 008 | 130805s1986 sp | |||| ||cat d | ||
| 020 | _a84-7327-139-4 | ||
| 080 | _a929 Albéniz, Isaac | ||
| 080 | _a78 Albéniz, Isaac | ||
| 100 | 1 |
_aSagardía, Ángel. _9139049 |
|
| 245 | 1 | 0 |
_aAlbèniz / _cÁngel Sagardía. |
| 260 |
_aBarcelona : _bNou Art Thor, _c[1986] |
||
| 300 |
_a50 p. : _bil. ; _c21 cm. |
||
| 490 | 1 |
_aGent nostra ; _v46 |
|
| 594 | _aTít. tomado de la cub. | ||
| 600 | 1 | 7 |
_aAlbéniz, Isaac, _d1860-1909 _2embne _919261 |
| 830 | 0 |
_aGent nostra ; _v46 _9190449 |
|
| 852 |
_aES-MaACL _j2317-F-27 _z.- Ded. manuscrita del autor |
||
| 999 |
_c182325 _d182325 |
||